Capitales de l’Europe (mode abyssal) - Statistiques

Statistiques générales
  • Ce quiz a été pris 49 fois
  • Le résultat moyen est 34 sur 47
Statistiques - réponses
Hint Réponse % Correct
Royaume-Uni Londres
88%
Portugal Lisbonne
85%
Russie Moscou
85%
Grèce Athènes
83%
Danemark Copenhague
83%
Luxembourg Luxembourg
83%
Monaco Monaco
83%
Finlande Helsinki
80%
Espagne Madrid
80%
Norvège Oslo
80%
France Paris
80%
Italie Rome
80%
Allemagne Berlin
78%
Suisse Berne
78%
Belgique Bruxelles
78%
Ukraine Kyiv
78%
Pologne Varsovie
78%
Pays-Bas Amsterdam
76%
Turquie Ankara
76%
Slovaquie Bratislava
76%
Roumanie Bucarest
76%
Irlande Dublin
76%
République tchèque Prague
76%
Saint-Marin Saint-Marin
76%
Malte La Valette
73%
Bulgarie Sofia
73%
Vatican Cité du Vatican
71%
Autriche Vienne
71%
Serbie Belgrade
68%
Hongrie Budapest
68%
Chypre Nicosie
68%
Islande Reykjavik
68%
Suède Stockholm
68%
Andorre Andorre-la-Vieille
66%
Biélorussie Minsk
66%
Lettonie Riga
66%
Albanie Tirana
63%
Lituanie Vilnius
63%
Croatie Zagreb
63%
Liechtenstein Vaduz
61%
Slovénie Ljubljana
56%
Bosnie-Herzégovine Sarajevo
56%
Macédoine du Nord Skopje
54%
Moldavie Chișinău
51%
Estonie Tallinn
51%
Monténégro Podgorica
49%
Kosovo Pristina
46%
Aucun quiz correspondant
Distribution des résultats
% des personnes avec chaque résultat
Percentile par nombre de réponses
Votre historique - résultats
Vous n’avez pas pris ce quiz